[Event "POL-chT 1st League 2020"]
[Site "Ustron"]
[Date "2020.09.13"]
[Round "9.2"]
[White "Wiewiora, Eneasz"]
[Black "Luch, Michal"]
[Result "1/2-1/2"]
[WhiteElo "2346"]
[BlackElo "2389"]
[Annotator "TA"]
[PlyCount "33"]
[EventDate "2020.09.05"]
[EventType "team-tourn"]
[EventCountry "POL"]
[SourceTitle "playchess.com"]
[Source "ChessBase"]
[SourceQuality "1"]

{[%evp 12,16,0,0,0,-5,27]} 1. e4 c5 2. c3 Nf6 3. e5 Nd5 4. d4 cxd4 5. cxd4 Nc6 6. Nf3 d6 7. Bc4 dxe5 {B22: Sicilian: 2 c3.} 8. Bxd5 Qxd5 {[#] A rather calm draw.} {Predecessor:} 9. Nc3 $146 Qd6 10. d5 Nd4 11. Nxd4 exd4 12. Qxd4 e5 13. Qd3 Bd7 14. O-O f5 15. Re1 Kf7 16. Bd2 a6 17. Nd1 {1-0 (40) Tregubov,P (2588)-Perunovic,M (2589) Moscow 2019} 1/2-1/2

[Event "POL-chT 1st League 2020"]
[Site "Ustron"]
[Date "2020.09.13"]
[Round "9.3"]
[White "Bronowicki, Mateusz"]
[Black "Zezulkin, Jurij"]
[Result "1/2-1/2"]
[WhiteElo "2243"]
[BlackElo "2410"]
[Annotator "TA"]
[PlyCount "45"]
[EventDate "2020.09.05"]
[EventType "team-tourn"]
[EventCountry "POL"]
[SourceTitle "playchess.com"]
[Source "ChessBase"]
[SourceQuality "1"]

{[%evp 20,21,21,14]} 1. d4 Nf6 2. c4 g6 3. Nc3 d5 4. cxd5 Nxd5 5. e4 Nxc3 6. bxc3 Bg7 7. Nf3 c5 8. Rb1 O-O 9. Be2 cxd4 10. cxd4 Qa5+ 11. Qd2 {[#]} {Predecessor:} Qxd2+ $146 {D85: Exchange Grünfeld: Unusual White 7th moves and lines with 7 Nf3.} 12. Bxd2 b6 13. Rc1 Bb7 14. Bd3 Rd8 15. Rc7 Rd7 16. Rxd7 Nxd7 17. Ke2 Nf6 18. d5 Nd7 19. Be3 Rc8 20. Rc1 Rxc1 21. Bxc1 Nc5 22. Ba3 Nxd3 23. Kxd3 {½-½ (30) Radjabov,T (2758)-Mamedyarov,S (2767) Khanty-Mansiysk 2019} 1/2-1/2

[Event "POL-chT 1st League 2020"]
[Site "Ustron"]
[Date "2020.09.13"]
[Round "9.4"]
[White "Rawicz, Karol"]
[Black "Brodowski, Piotr"]
[Result "0-1"]
[WhiteElo "2225"]
[BlackElo "2446"]
[Annotator "TA"]
[PlyCount "79"]
[EventDate "2020.09.05"]
[EventType "team-tourn"]
[EventCountry "POL"]
[SourceTitle "playchess.com"]
[Source "ChessBase"]
[SourceQuality "1"]

{[%evp 21,79,13,17,0,0,0,0,0,0,6,98,80,102,87,105,93,187,191,191,197,233,214,273,162,168,162,180,159,173,36,52,58,58,56,54,-65,-30,-39,-43,-37,-39,-46,-25,-169,-170,-158,-166,-156,-164,-159,-161,-193,-191,-270,-266,-1768,-270,-1164,-252,-29999]} 1. d4 Nf6 2. c4 c5 3. d5 e6 4. Nc3 exd5 5. cxd5 d6 6. e4 g6 7. f4 Bg7 8. Bb5+ Nfd7 9. Nf3 O-O 10. O-O a6 11. Bd3 b5 $1 12. Qe1 {A67: Modern Benoni: Taimanov Variation.} Re8 13. Qg3 Ra7 14. a3 {The position is equal.} Nf6 {[#]} 15. f5 $146 ({Predecessor:} 15. e5 Nh5 16. Qf2 f5 17. Be3 Rae7 18. Rfe1 Bb7 19. Be2 Bh6 20. Nd2 Nf6 21. exf6 Rxe3 {1-0 (67) Heberla,B (2548)-Jackson,J (2367) Vienna 2015}) 15... c4 (15... b4 $11 16. axb4 cxb4) 16. Bc2 $16 Qb6+ 17. Kh1 $1 Nbd7 18. Bg5 b4 (18... Nh5 $16 {was called for.} 19. Qe1 Qc7) 19. axb4 $18 Qxb4 20. Ra2 Nc5 {[%cal Rf6e4]} 21. Qh4 ({Resist} 21. Qxd6 $6 Nd3) 21... Nfd7 22. f6 (22. Be7 $142) 22... Bh8 23. Nd4 Ne5 24. Bf4 Bd7 25. Nc6 (25. Nf5 $18 {Hoping for Nh6+.} Bxf5 26. exf5) 25... Nxc6 26. dxc6 Bxc6 27. Bxd6 Rd7 28. e5 (28. Be7 $14) 28... Qb7 29. Qg3 Nd3 30. Bxd3 cxd3 31. b4 Re6 $1 {Strongly threatening ...Bxf6!} 32. Rd2 {[#]} (32. Bc5 $11) 32... Bxf6 $1 $19 33. Rxf6 Rdxd6 $1 34. exd6 Rxf6 $40 {[%cal Rf6f1][%mdl 128] Black wants a kill.} 35. h3 Qxb4 36. Qxd3 {[#]} Qh4 $1 {[%cal Rh4e1] And now ...Qe1+ would win.} 37. d7 {[#]} (37. Kh2 {was necessary.} Qf4+ 38. g3) 37... Bxd7 $1 {[%mdl 512] Threatens to win with ...Qe1+.} 38. Qxd7 $2 (38. Ne4 Rf4 39. Qxd7 Rf1+ 40. Kh2 Qxe4 41. Qc8+ Kg7 42. Qc3+ Kh6 43. Ra2) 38... Qe1+ 39. Kh2 {Qd8+ is the strong threat.} Qe5+ $2 (39... Rf1 {[%csl Ge1][%cal Rf1h1]} 40. Qd8+ Kg7 41. Qd4+ Kh6) 40. Kh1 $2 {Never resign too early! Accuracy: White = 61%, Black = 72%.} (40. Kg1 $19 Qe1+ 41. Kh2) 0-1

[Event "POL-chT 1st League 2020"]
[Site "Ustron"]
[Date "2020.09.13"]
[Round "9.5"]
[White "Skawinski, Arkadiusz"]
[Black "Klepek, Witold"]
[Result "1/2-1/2"]
[WhiteElo "2384"]
[BlackElo "2159"]
[Annotator "TA"]
[PlyCount "23"]
[EventDate "2020.09.05"]
[EventType "team-tourn"]
[EventCountry "POL"]
[SourceTitle "playchess.com"]
[Source "ChessBase"]
[SourceQuality "1"]

{[%evp 9,23,8,9,0,38,42,41,26,34,31,44,36,43,34,37,22]} 1. Nf3 Nf6 2. b3 d5 3. e3 Bf5 4. Bb2 e6 5. c4 Nbd7 6. Nc3 {A06: Réti Opening: 1 Nf3 d5.} c5 7. cxd5 exd5 {[#]} 8. Be2 $146 ({Predecessor:} 8. Bb5 a6 9. Bxd7+ Qxd7 10. O-O Bd6 11. d4 cxd4 12. Qxd4 Be4 13. Nxe4 dxe4 14. Nd2 {1-0 (45) Petit Montes,M (1972)-Garcia Acosta,R (2090) Barcelona 2018}) 8... Be7 9. O-O {White is slightly better.} O-O 10. d4 Rc8 11. Rc1 a6 12. dxc5 {Black got outplayed after the opening} 1/2-1/2

[Event "POL-chT 1st League 2020"]
[Site "Ustron"]
[Date "2020.09.13"]
[Round "9.6"]
[White "Marcinczyk, Monika"]
[Black "Przezdziecka, Ewa"]
[Result "0-1"]
[WhiteElo "1934"]
[BlackElo "2166"]
[Annotator "TA"]
[PlyCount "67"]
[EventDate "2020.09.05"]
[EventType "team-tourn"]
[EventCountry "POL"]
[SourceTitle "playchess.com"]
[Source "ChessBase"]
[SourceQuality "1"]

{[%evp 26,67,-61,-65,-54,-58,-60,-62,-61,-79,-64,-59,-34,-43,-46,-62,-58,-60,-41,-70,-75,-67,-65,-181,-184,-175,-184,-534,-530,-529,-527,-541,-527,-531,-531,-554,-537,-1067,-1060,-1053,-1055,-1051,-1026,-29999]} 1. e4 c5 2. Nf3 Nc6 3. d4 cxd4 4. Nxd4 Nf6 5. Nc3 d6 6. Be2 e5 7. Nb3 Be7 8. O-O O-O 9. Be3 a5 10. a4 Nb4 11. f4 Be6 12. Bf3 exf4 13. Bxf4 Nxc2 14. Qxc2 {Hoping for Nd4.} Qb6+ {[%mdl 64] Double Attack. B83: Sicilian Scheveningen: 6 Be2, lines without ...a6.} 15. Nd4 Qxd4+ 16. Kh1 Rac8 {[#] Black is slightly better.} 17. Rfd1 $146 ({Predecessor:} 17. Rad1 Qb6 18. Qd2 Bb3 19. Rde1 Rfe8 20. g4 Nd7 21. Nd5 Bxd5 22. Qxd5 Ne5 23. Be2 {0-1 (42) Carame Gonzalez,F (1977)-Peek,M (2342) Caleta 2010}) 17... Qb6 18. Qe2 Bc4 19. Qe1 Rfe8 20. Rd2 Qc5 21. Qg3 {[%cal Rf4d6]} Rcd8 22. Re1 Nh5 23. Bxh5 Qxh5 24. Nd5 (24. Qf3 $15 Qxf3 25. gxf3) 24... Bh4 $19 {[%mdl 64] Skewer} 25. Qh3 {[#]} Bxd5 $1 $40 {[%mdl 128] Black attacks with force.} 26. Rxd5 $2 (26. Bg3 Bxe4 27. Qxh4) 26... Qxd5 {[%mdl 64] Pin. Black is clearly winning.} 27. Qxh4 Qd4 28. b3 Rc8 29. Qg4 Rc2 30. Qd7 {[%cal Rd7e8]} Rec8 {White must now prevent ...Qf2!} 31. Rf1 {And now Be3! would win.} Qxe4 {[%csl Gc2][%cal Re4g2]} 32. Bd2 Rf8 33. Qxd6 {[#]} Qe2 $1 {[%cal Re2f1][%mdl 64] Double Attack} 34. Qd5 {Accuracy: White = 63%, Black = 92%.} 0-1

[Event "POL-chT 1st League 2020"]
[Site "Ustron"]
[Date "2020.09.13"]
[Round "9.7"]
[White "Maciejczak, Jakub"]
[Black "Plichta, Kamil"]
[Result "1/2-1/2"]
[WhiteElo "2371"]
[BlackElo "2383"]
[Annotator "TA"]
[PlyCount "119"]
[EventDate "2020.09.05"]
[EventType "team-tourn"]
[EventCountry "POL"]
[SourceTitle "playchess.com"]
[Source "ChessBase"]
[SourceQuality "1"]

{[%evp 9,119,0,0,0,0,0,0,0,0,0,0,0,0,-13,-20,-18,-21,-19,-25,-31,-31,-35,-31,-31,14,14,34,8,16,0,0,0,0,0,0,-14,-14,0,0,-10,24,17,28,4,7,0,0,0,0,-8,0,0,0,-4,0,0,0,0,0,0,0,0,0,-10,-10,-15,-12,-8,-11,-8,14,0,60,0,94,89,213,215,220,208,210,215,210,192,184,88,221,197,200,87,91,65,73,65,72,65,65,13,24,30,38,8,8,8,8,8,8,8,8,8,8,0]} 1. e4 c5 2. Nc3 e6 3. g3 d5 4. exd5 exd5 5. d3 h6 6. Bg2 {B23: Closed Sicilian: Lines without g3.} Nf6 7. Nge2 d4 8. Ne4 Nxe4 9. Bxe4 Bd6 10. O-O Nc6 {[%cal Bb8c6,Bc6e5,Be5g6,Bg6e7,Be7d5,Bd5f6][%mdl 32] [#]} 11. Bg2 $146 ({Predecessor:} 11. Bf4 Bg4 12. Qd2 g5 13. Bxd6 Qxd6 14. Rae1 O-O-O 15. f4 f6 16. Rf2 Rdg8 17. Ref1 {0-1 (60) Nguyen Thi Diem,T-Bui,K (2227) Dalat City 2004}) 11... O-O 12. Nf4 Re8 13. h3 Bd7 14. Bd2 Ne5 15. Re1 Bc6 16. Bxc6 bxc6 17. Ng2 Ng6 18. f4 Rxe1+ 19. Nxe1 Ne7 20. Ng2 Nd5 21. Qg4 Bc7 22. Rf1 Ba5 23. Bc1 Nf6 (23... Qf6 {seems wilder.} 24. Rf2 Re8 25. Re2 Qd8 26. Rxe8+ Qxe8 27. Kf2 Bb6) 24. Qf3 Qd5 (24... Qc7 {looks sharper.} 25. f5 Re8 26. Nf4 Be1 27. b3 Qe5) 25. Qxd5 cxd5 26. b3 Bc3 27. Ba3 Nd7 28. Rb1 a5 29. Bb2 Bxb2 30. Rxb2 $11 {[%mdl 4096] Endgame KRN-KRN} Kf8 31. Kf2 Ke7 32. Nh4 g6 33. Nf3 Kd6 34. a3 Rb8 35. Rb1 Rb7 36. Nd2 Nb8 37. Re1 Nc6 38. Re8 a4 39. Ra8 Na7 40. Rd8+ Kc6 (40... Ke6 $1 $11) 41. Ra8 (41. Nf3 $14) 41... axb3 (41... Kd6 $11) 42. Nxb3 $16 {[#] Black must now prevent Na5+.} Kb5 (42... Rd7 $16) 43. Rd8 $18 Rc7 44. Rxd5 Ka4 45. Rxc5 ({But not} 45. Nxc5+ $6 Kxa3 46. Kf3 Nc6 $16) 45... Rxc5 46. Nxc5+ Kxa3 {KN-KN} 47. Ke2 (47. Kf3 $18 {has better winning chances.}) 47... Nb5 (47... Kb4 $16 48. Nd7 Nb5) 48. Kd2 Kb4 49. Nd7 (49. Nb3 $18 {and the rest is easy.}) 49... Nd6 $16 50. Ne5 h5 51. g4 hxg4 52. hxg4 Kc5 53. c4 ({White should play} 53. Ke2 $14) 53... dxc3+ $1 $11 54. Kxc3 Kd5 55. Nf3 Ne4+ {The position is equal.} 56. dxe4+ Kxe4 {[%mdl 64] [#] Double Attack} 57. Ng5+ Kxf4 {[%mdl 64] Double Attack} 58. Nxf7 {White threatens g5 and mate.} Kxg4 59. Ne5+ Kf5 60. Nxg6 {Black escapes into a draw. Accuracy: White = 81%, Black = 82%.} 1/2-1/2

[Event "POL-chT 1st League 2020"]
[Site "Ustron"]
[Date "2020.09.13"]
[Round "9.8"]
[White "Lewtak, Damian"]
[Black "Janaszak, Dawid"]
[Result "1-0"]
[WhiteElo "2377"]
[BlackElo "2356"]
[Annotator "TA"]
[PlyCount "137"]
[EventDate "2020.09.05"]
[EventType "team-tourn"]
[EventCountry "POL"]
[SourceTitle "playchess.com"]
[Source "ChessBase"]
[SourceQuality "1"]

{[%evp 11,137,-8,27,8,39,18,16,15,26,16,38,12,28,-10,-5,-12,-22,-48,0,0,44,37,75,60,64,57,52,10,10,10,23,0,0,0,-2,-8,38,52,68,22,86,86,68,0,0,0,0,0,0,0,45,37,98,87,97,94,95,102,91,63,108,73,96,65,66,69,100,80,131,77,164,152,193,185,322,315,385,385,434,312,393,385,380,152,162,113,158,139,150,140,140,117,127,121,260,247,240,233,233,233,221,233,157,191,386,362,416,402,473,453,845,774,828,343,1291,1215,2903,2701,2535,2434,1979,1644,5306,4627,7228,6825,5452,5187]} 1. d4 Nf6 2. c4 g6 3. Nc3 d5 4. Nf3 Bg7 5. e3 O-O 6. Be2 e6 7. b4 {D94: Grünfeld: 4 Nf3 Bg7 5 e3.} b6 8. Ba3 {[#]} dxc4 $146 ({Predecessor:} 8... Re8 9. Rc1 Bb7 10. O-O a6 11. Qb3 c6 12. Rfd1 Nbd7 13. Bb2 Qe7 14. cxd5 exd5 {½-½ (73) Skreno,V (2115)-Certek,P (2282) Slovakia 2001}) 9. Bxc4 {The position is equal.} Bb7 10. O-O Nbd7 11. Rc1 Re8 12. Qe2 a6 13. Rfd1 Nd5 14. e4 Nxc3 (14... Bf8 {keeps more tension.} 15. Bb2 Bh6 16. Rb1 Nxb4 17. Bb3 Qe7) 15. Rxc3 Ra7 16. Bb3 Nf6 17. Bc2 Bf8 18. Ne5 Nd7 19. Qf3 Nxe5 20. dxe5 Qc8 21. Qf4 Rd8 $1 22. Rxd8 Qxd8 23. h4 Bc8 24. Rd3 Qe8 25. h5 c5 (25... c6 $1 $11) 26. bxc5 $16 bxc5 27. h6 (27. hxg6 $14 fxg6 28. Bb3) 27... Bd7 $11 28. Rd6 Rc7 29. Rxa6 Bb5 30. Ra5 Bc4 31. Bc1 Be7 (31... Qc8 $14) 32. Qe3 Qd8 33. Qa3 Rc8 {next ...Bd3! is good for Black.} 34. Ra7 Bf8 35. Qc3 (35. Be3 {seems wilder.} Qb6 36. Rd7 Ba6 37. Qc3 Qb5 38. Rd1) 35... Bb5 36. a4 Be8 37. Be3 Qb6 38. Ra5 Be7 39. Bd3 $36 {[%mdl 2048] White is on the roll.} Qd8 (39... Qb7 $142) 40. Be2 ({Better is} 40. Ra6) 40... Qb6 (40... Bc6 $16) 41. Bb5 $18 Qd8 42. g3 c4 (42... Qc7 $142 43. Ra6 Qb8) 43. Ra7 Bf8 44. Kg2 Be7 45. Qd4 Kf8 46. Qxd8 Bxd8 47. Bxe8 (47. Ba6 $18 {and the rest is easy.} Rb8 48. Bc5+ Kg8 49. Bxc4) 47... Kxe8 {[%mdl 4096] Endgame KRB-KRB} 48. Kf3 c3 49. Ke2 Be7 50. Bc1 c2 51. a5 {[%cal Ba4a5,Ba5a6,Ba6a7][%mdl 32]} Bc5 52. Rb7 Bd4 {This move loses the game for Black.} (52... Ra8 $16) 53. a6 {a7 is the strong threat.} Ra8 54. Rb4 Bxe5 {[#]} 55. Ra4 $1 Kd7 56. Kd3 Kc6 {[#]} 57. Ra2 $1 Kb5 $2 (57... Ra7 {was necessary.} 58. f4 (58. Rxc2+ Kb5 $16) 58... Bf6) 58. a7 Bc7 59. Kxc2 Bb6 60. Be3 {Strongly threatening Rb2+.} Bxe3 (60... Bc7 $142 61. f4 Kc6) 61. fxe3 {KR-KR} Kb6 62. Kd3 Kb7 $2 (62... Kc5 63. e5 Kd5 64. Ra5+ Kc6) 63. Kd4 {White is clearly winning.} Rd8+ 64. Ke5 Ka8 65. Kf6 Rd7 66. g4 Rc7 67. g5 Rb7 68. Rd2 Kxa7 69. Rd8 {Accuracy: White = 76%, Black = 40%.} 1-0

[Event "POL-chT 1st League 2020"]
[Site "Ustron"]
[Date "2020.09.13"]
[Round "9.9"]
[White "Dudzinski, Piotr"]
[Black "Budrewicz, Krzysztof"]
[Result "1/2-1/2"]
[WhiteElo "2323"]
[BlackElo "2227"]
[Annotator "TA"]
[PlyCount "38"]
[EventDate "2020.09.05"]
[EventType "team-tourn"]
[EventCountry "POL"]
[SourceTitle "playchess.com"]
[Source "ChessBase"]
[SourceQuality "1"]

{[%evp 16,19,-10,-10,-9,-11]} 1. e4 c5 2. c3 Nf6 3. e5 Nd5 4. d4 cxd4 5. cxd4 d6 6. exd6 Qxd6 7. Nf3 Nc6 8. Nc3 Bg4 9. Be2 e6 {B22: Sicilian: 2 c3.} 10. O-O {[#] Not much happened in this game.} {Predecessor:} Be7 $146 11. Be3 O-O 12. Qb3 Rfd8 13. Rac1 Rab8 14. Rfd1 Nf4 15. Bxf4 Qxf4 16. d5 Bxf3 17. Bxf3 Nd4 18. Rxd4 Qxc1+ 19. Rd1 Qh6 {½-½ (33) Mamedov,R (2627)-Avrukh,B (2656) Cala Mayor 2008} 1/2-1/2

[Event "POL-chT 1st League 2020"]
[Site "Ustron"]
[Date "2020.09.13"]
[Round "9.12"]
[White "Dwilewicz, Katarzyna"]
[Black "Czerwinska, Milena"]
[Result "1/2-1/2"]
[WhiteElo "2134"]
[BlackElo "2010"]
[Annotator "TA"]
[PlyCount "87"]
[EventDate "2020.09.05"]
[EventType "team-tourn"]
[EventCountry "POL"]
[SourceTitle "playchess.com"]
[Source "ChessBase"]
[SourceQuality "1"]

{[%evp 13,87,15,2,0,12,-2,14,0,10,0,32,37,40,43,47,40,45,31,113,117,118,107,108,83,95,100,75,0,0,-8,-1,0,-2,-20,0,0,0,0,0,0,0,-19,-33,-22,-2,-6,-2,-12,-13,-20,-20,-20,-12,-17,-8,-11,-15,-29,-8,-11,-2,-8,8,8,14,14,14,14,14,14,26,26,42,42,72,72]} 1. e4 d6 2. d4 Nf6 3. Nc3 g6 4. f4 Bg7 5. Nf3 O-O 6. e5 dxe5 7. dxe5 Qxd1+ 8. Nxd1 {now supersedes 8.Kxd1. B09: Pirc Defence: Austrian Attack.} Nd5 9. c4 Nb6 10. Nc3 {The position is equal.} c6 11. Be3 Rd8 12. Be2 {[#]} Bg4 $146 ({Predecessor:} 12... Be6 13. b3 Na6 14. Kf2 h6 15. Rhd1 Nb4 16. Rxd8+ Rxd8 17. Nd4 Bc8 18. a3 Na6 19. Rd1 e6 {1-0 (56) Lauer,F (1065)-Lenz,J (947) LSS email 2014}) 13. Kf2 $36 {[%mdl 2048] White has good play.} f6 14. Rad1 Na6 15. exf6 exf6 {[#]} (15... Bxf6 $14 16. Rxd8+ Rxd8) 16. c5 $1 $16 {[%cal Rc5b6]} Nd5 17. Nxd5 cxd5 {[#]} 18. c6 $1 {[%mdl 512]} Nc7 (18... bxc6 19. Bxa6) 19. cxb7 Rab8 {[%cal Ba8b8,Bb8b7,Bb7a7][%mdl 32]} 20. Bxa7 (20. h3 $16 Bd7 21. Nd4 (21. Bxa7 Rxb7 22. Bd4 Ne6 $11)) 20... Rxb7 $11 {[%mdl 64] Double Attack} 21. Bd4 Ne6 22. Bc3 Nxf4 23. Ba6 Ra7 {[#]} 24. Bc4 $1 {[%mdl 512]} Re8 (24... Bf5 {feels hotter.} 25. Rd4 Bf8 26. Rxf4 dxc4 27. Rxc4 Be6) (24... dxc4 25. Rxd8+) 25. Bxd5+ Nxd5 26. Rxd5 Rxa2 27. Ra5 Rxa5 28. Bxa5 Bd7 29. Rd1 Ba4 30. Rd4 Bb5 31. Rd8 Rxd8 32. Bxd8 {[%mdl 4096] Endgame KBB-KBN} f5 33. b3 h6 34. Ke3 Kf7 35. g3 g5 36. Bc7 Bf6 (36... Bb2 {looks sharper.} 37. Nd4 Bc1+ 38. Kf3 Bd3 39. b4 Be4+) 37. Nd4 (37. Be5 {is more complex.} Bd8 38. Nd4 Bb6 39. b4 Kg6 40. Bd6) 37... Bxd4+ 38. Kxd4 {KB-KB} Ke6 39. Kc5 Bf1 40. b4 {[%cal Bb3b4,Bb4b5][%mdl 32]} Bg2 41. b5 Kd7 42. Be5 h5 43. Bf6 f4 44. Bxg5 {Accuracy: White = 92%, Black = 87%.} 1/2-1/2

[Event "POL-chT 1st League 2020"]
[Site "Ustron"]
[Date "2020.09.13"]
[Round "9.14"]
[White "Olsen, Filip Boe"]
[Black "Ciesla, Adam"]
[Result "0-1"]
[WhiteElo "2351"]
[BlackElo "2294"]
[Annotator "TA"]
[PlyCount "128"]
[EventDate "2020.09.05"]
[EventType "team-tourn"]
[EventCountry "POL"]
[SourceTitle "playchess.com"]
[Source "ChessBase"]
[SourceQuality "1"]

{[%evp 11,128,66,69,60,62,48,89,0,0,0,0,0,16,-37,-38,-28,-28,-34,-29,-52,-20,-18,0,0,0,0,0,0,0,-31,-20,-46,-21,-16,262,36,35,35,33,-59,-52,-99,-77,-79,-75,-62,0,0,0,0,0,0,0,0,55,-80,-66,-69,8,0,0,0,0,0,0,0,0,-410,-369,-339,-325,-1591,-1538,-1280,-853,-1374,-1018,-29963,-29963,-29943,-29944,-2293,-29943,-29946,-29948,-29956,-29952,-29954,-29958,-29959,-29957,-29956,-29956,-29965,-29964,-29964,-29965,-29967,-29968,-29968,-29968,-29972,-29973,-29970,-29971,-29977,-29976,-29976,-29977,-29982,-29983,-29983,-29984,-29984,-29985,-29985,-29986,-29986,-29987]} 1. d4 g6 2. c4 Bg7 3. Nc3 c5 4. d5 d6 5. e4 e6 6. Bd3 Ne7 7. h4 {A43: Schmid Benoni.} a6 8. a4 h5 {[#]} 9. dxe6 $146 (9. Bf4 $16) ({Predecessor:} 9. Nge2 Nd7 10. dxe6 fxe6 11. Bg5 Ne5 12. Nf4 Qb6 13. Be2 Qxb2 14. Rc1 N7c6 15. Rh3 {½-½ (57) Bareev,E (2679)-Gdanski,J (2530) Warsaw 1999}) 9... Bxe6 $11 10. Bg5 Nbc6 11. Nge2 Ne5 12. Nf4 (12. b3 $11) 12... Qd7 $15 (12... Bxc4 13. Bxc4 Nxc4 14. Nfd5 $16) 13. Bxe7 Qxe7 14. Nfd5 Qd8 15. f4 Bxd5 16. Nxd5 Qa5+ 17. Kf1 Nxd3 18. Qxd3 Bxb2 19. Rb1 Bd4 20. Rxb7 {Threatens to win with Nc7+.} O-O 21. Ne7+ Kh8 (21... Kg7 $5 {[%cal Ra5a4]} 22. Nc6 Qxa4 23. Nxd4 cxd4 $15) 22. Qc2 Rab8 $2 {[%mdl 8192]} (22... Qd8 $11) 23. Nc6 $2 (23. Rxb8 $1 $18 Rxb8 24. Nc6 {[%mdl 64] Double Attack}) 23... Rxb7 $14 24. Nxa5 Rb2 25. Qd3 (25. Qxb2 $1 $14 Bxb2 26. Ke2) 25... Rfb8 $1 $15 {[%mdl 1024] Black has compensation.} 26. Rh3 {Black must now prevent Nb3.} Rb1+ 27. Ke2 R8b2+ 28. Kf3 {Hoping for e5.} Rc1 (28... Rf2+ $1 $15 29. Kg3 Rbb2) 29. Nc6 $11 Rc3 30. Qxc3 $1 Bxc3 {[%mdl 4096] Endgame KRB-KRN} 31. e5 dxe5 32. Ke4 Be1 (32... Rc2 $11) 33. fxe5 (33. Nxe5 $14 Re2+ 34. Kd5) 33... Rxg2 $17 34. Kd5 Bf2 (34... Rd2+ $15 35. Kxc5 Bf2+ 36. Kb4 Kg7) 35. Rf3 Kg8 36. Nd8 Bxh4 37. Nxf7 Rf2 38. Rxf2 Bxf2 $11 {KB-KN} 39. e6 $2 {[%mdl 8192] Black keeps a firm grip on the game.} (39. Ke6 $1 $11) 39... Kf8 $19 40. Ne5 g5 41. Nd7+ $2 (41. Ke4 Bd4 42. Nf3) 41... Ke7 42. Nf6 {[#]} h4 $1 ({Not} 42... Kxf6 $2 43. Kd6 $18) 43. Ng8+ Kd8 44. Nh6 h3 45. Nf5 h2 46. Kd6 {[#]} Bd4 $1 (46... h1=Q 47. e7+ Ke8 48. Ng7+ Kf7 49. e8=Q+ Kxg7 50. Qe7+ Kh6 51. Qf6+ Kh7 52. Qe7+ Kg6 53. Qe6+ Kh5 54. Qe2+ Kg6 55. Qe6+ Kh7 56. Qf7+ Kh6 57. Qf6+ Kh7 58. Qf7+ Kh8 59. Qxf2 $11) 47. Ng3 {Black mates.} g4 48. e7+ Ke8 49. Ke6 a5 50. Nh1 Bc3 51. Ng3 Bg7 ({Weaker is} 51... Be1 52. Nf5 h1=Q 53. Ng7#) 52. Nh1 Bh6 53. Kf5 Kxe7 54. Kxg4 Ke6 55. Kg3 Ke5 56. Kxh2 Kd4 57. Nf2 Kxc4 58. Ne4 Kb4 59. Kg2 c4 60. Kf2 c3 61. Ke2 c2 62. Nf2 c1=Q 63. Nd3+ Kxa4 64. Nxc1 Bxc1 {Accuracy: White = 70%, Black = 81%.} 0-1

[Event "POL-chT 1st League 2020"]
[Site "Ustron"]
[Date "2020.09.13"]
[Round "9.15"]
[White "Tomaszewski, Roman"]
[Black "Szoen, Dariusz"]
[Result "0-1"]
[WhiteElo "2206"]
[BlackElo "2407"]
[Annotator "TA"]
[PlyCount "63"]
[EventDate "2020.09.05"]
[EventType "team-tourn"]
[EventCountry "POL"]
[SourceTitle "playchess.com"]
[Source "ChessBase"]
[SourceQuality "1"]

{[%evp 9,63,8,19,-14,6,-18,-13,-12,49,31,64,61,46,16,38,1,-9,-15,-2,-5,-10,-16,-30,-29,-30,-79,-81,-70,-84,-76,-85,-82,-83,-70,-64,-75,-75,-105,-10,-68,27,32,43,0,65,-137,-162,-512,-514,-504,-500,-491,-499,-539,-504,-642]} 1. d4 Nf6 2. Bf4 c5 3. d5 Qb6 4. Nc3 Qxb2 5. Bd2 Qb6 6. e4 {A45: Trompowsky Attack.} d6 7. Rb1 Qd8 8. f4 {The position is equal.} e5 ({Black should play} 8... g6 $11) 9. dxe6 $14 fxe6 10. e5 $1 {[%cal Re5f6]} dxe5 11. fxe5 Nd5 {[#]} 12. Ne4 $146 {[%mdl 1024] White has compensation.} ({Predecessor:} 12. Qg4 Nb4 13. Rb2 N8c6 14. a3 Nd5 15. Nf3 Nxc3 16. Bxc3 Qe7 17. Ng5 g6 18. Ne4 {1-0 (43) Jovanovic,B (2254)-Sorgic,D (2244) Kragujevac 2014}) 12... Qh4+ 13. Ng3 Be7 14. Nf3 Qg4 15. Bb5+ Nc6 16. O-O O-O 17. c4 Nb6 18. Bxc6 bxc6 19. Rc1 {[%cal Bb1c1,Bc1c3,Bc3a3][%mdl 32]} Ba6 20. Re1 Rad8 21. Re4 Qg6 22. Qe2 Rd7 23. Rc3 Rfd8 (23... h5 $17 24. Nf1 Rd4 $1 {[%mdl 512]} 25. Nxd4 cxd4 26. Rxd4 Bc5) 24. Be1 {[#]} ({Better is} 24. Nf1 $1 $11) 24... Qh6 (24... Rd4 $1 $15 {[%mdl 512]} 25. Qc2 (25. Nxd4 cxd4) 25... Bc8) 25. Ra3 $11 Bc8 26. Rc3 Rd1 ({Black should try} 26... Qg6 $11) 27. Ree3 $2 {[#]} (27. Rg4 $1 $14 {stays ahead.}) 27... Ba6 $1 $36 {[%cal Ra6c4][%mdl 2048] Hoping for ...Bxc4. White is under strong pressure.} 28. Ne4 $2 (28. Nf1 {is a better chance.}) 28... Bxc4 $19 {Black is clearly winning.} 29. Rxc4 Nxc4 30. Rc3 Nb6 31. Nd6 Rc1 32. Re3 {Accuracy: White = 59%, Black = 64%.} 0-1